Statistics for Most Guessed North American Teams by Sport

Click here to take the quiz!

General Stats

  • This quiz has been taken 38,783 times
    (24,351 since last reset)
  • The average score is 12 of 20

Answer Stats

Sport%Team% Correct
Basketball96%Los Angeles Lakers
88%
Baseball97%New York Yankees
84%
Football92%New England Patriots
82%
Baseball95%Boston Red Sox
74%
Basketball90%Boston Celtics
68%
Football91%New York Giants
66%
Football89%Dallas Cowboys
62%
Basketball85%Chicago Bulls
61%
Basketball89%Miami Heat
59%
Football88%New York Jets
56%
Basketball86%New York Knicks
55%
Hockey86%New York Rangers
54%
Hockey86%Boston Bruins
51%
Hockey88%Toronto Maple Leafs
51%
Baseball85%New York Mets
50%
Baseball91%Chicago White Sox
48%
Hockey87%Montreal Canadiens
47%
Football87%Miami Dolphins
40%
Baseball86%Oakland Athletics
40%
Hockey85%New York Islanders
34%

Score Distribution

Percentile by Number Answered

Percent of People with Each Score

Your Score History

You have not taken this quiz since the last reset